00554nam a2200193Ia 450000500170000000800410001704000190005804100120007708200210008910000180011024500550012826000330018330000110021644000310022750400400025865000300029870000220032885000100035020230508142357.0131103s9999 xx 000 0 und d aLoreto College aEnglish a823.91bCON-MOS  aConrad,Joseph aLord JimcJoseph Conrad; edited by Thomas C. Moser aNew YorkbW. W. Nortonc1968 a486p.  aA Norton Critical Edition aIncludes bibliographical references aEnglish novel - criticism aMoser, Thomas C.  aLCLIB